000 00794nam a2200205 i 4500
001 163213
003 ES-MaACL
005 20230906212709.0
008 050712s1894 fr | |||||||| ||fre d
100 1 _aReinach, Joseph.
_996038
245 1 0 _aPages républicaines /
_cpar Joseph Reinach.
260 _aParis :
_bFélix Alcan,
_c1894 (
_eCoulommiers :
_fImp. Paul Brodard)
300 _a353 p. ;
_c19 cm.
490 1 _aBibliothèque d'histoire contemporaine
505 8 _aContiene: Politique de gouvernement ; L'édit de Nantes des Partis ; Choses du Dehors ; Statues et tombeaux
651 4 _aFrancia-
_xPolítica y gobierno-
_y1870-1940.
_9162878
830 1 _aBibliothèque d'histoire contemporaine
_9180875
852 _aES-MaACL
_jG-7222
_z(Rúst. deteriorada)
999 _c163213
_d163213